Responses for Show #6374 - Thursday, May 10, 2012

2012 Teen Tournament final game 1.
From DAR Constitution Hall in Washington, D.C.

Contestants

[<< previous game]

Rose Schaefer, a junior from Portland, Oregon

Catherine Briley, a senior from Grand Prairie, Louisiana

Elyse Mancuso, a junior from Omaha, Nebraska

[next game >>]

Jeopardy! Round responses

DINOSAURS
MAY I HAVE SECONDS?
STATE CAPITAL ATTRACTIONS
INTERNET SHORTHAND
A GRAY AREA
WHEEL OF MOVIE TAGLINES
    $200 1
balance

Rose
    $200 23
an orchestra

Elyse
    $200 6
(Elyse: Where is Hilo, Hawaii?)

Honolulu

ElyseCatherine
    $200 16
nothing gained

Rose
    $200 21
ash

Elyse
    $200 7
I Am Legend

Elyse
    $400 2
the spine

Elyse
    $400 24
carbon

Rose
    $400 12
(Elyse: Where is Montgomery?)

Atlanta

Elyse
Triple Stumper
    $400 17
male or female

Catherine
    $400 22
a dove

Catherine
    $400 8
Chicken Run

Catherine
    $600 3
stones

Elyse
    $600 25
Wheaties

Catherine
    $600 13
Denver

Catherine
    $600 18
an FAQ

Elyse
    $600 9
Bring It On

Catherine
    $1,000 4
the Cretaceous

Elyse
    $800 14
Nashville

Elyse
    $800 19
parents

Catherine
    $800 28
(Rose: What is gunmetal?)
(Catherine: What is iron gray?)
...
[The end-of-round signal sounds]

battleship grey

CatherineRose
Triple Stumper
    $800 10
The Avengers

Triple Stumper
    $1000 5
diplodocus

Elyse
    $1000 26
Clarence Thomas

Elyse
    $1000 15
(Catherine: Where is Santa Fe?)

Phoenix

ElyseCatherine
    $1000 20
to be honest

Elyse
    $1000 27
platinum

Catherine
    $1000 11
The Goonies

Catherine

Scores at the first commercial break (after clue 11):

Elyse Catherine Rose
$3,000 $2,200 $200

Scores at the end of the Jeopardy! Round:

Elyse Catherine Rose
$7,400 $4,200 $0

Double Jeopardy! Round responses

COMPLETES THE POETIC LINE
FAMOUS FRENCH FOLKS
IN THE DICTIONARY
PHYSICS
FOREIGN FOOD
TV SHOWS BY CHARACTER
    $400 21
"Casey

Catherine
    $400 16
(Claude) Monet

Rose
    $400 11
a wishbone

Catherine
    $400 22
a lever

Rose
    $400 6
spinach

Rose
    $400 1
Switched at Birth

Rose
    $800 23
drink

Catherine
    $800 17
(Louis) Braille

Rose
    $800 12
litter

Catherine
    $3,000 30
a photon

Elyse
    $800 7
(Elyse: What is lettuce?)

cauliflower

Elyse
Triple Stumper
    $800 2
Community

Elyse
    $1200 24
night

Rose
    $1200 18
Descartes

Catherine
    $1200 13
vacate

Elyse
    $1200 27
(Elyse: What is Planck's constant?)

Edwin Hubble

Elyse
Triple Stumper
    $1200 8
eggplant

Rose
    $1200 3
Pretty Little Liars

Catherine
    $3,000 25
sidewalk

Rose
    $1600 19
Foucault

Elyse
    $1600 14
(Catherine: Uh, what are spirits?)

staves

Catherine
Triple Stumper
    $1600 28
tritium

Elyse
    $1600 9
tomato

Rose
    $1600 4
(Alex: And you got in ahead of Rose, who is from Portland.)

Portlandia

Elyse
    $2000 26
(Catherine: What is defeat?)
(Elyse: What is tragedy?)

disaster

ElyseCatherine
Triple Stumper
    $2000 20
Madame Tussaud

Elyse
    $2000 15
fabricate

Catherine
    $2000 29
Principia Mathematica

Triple Stumper
    $2000 10
(Elyse: What is zucchini?)

cucumber

Elyse
Triple Stumper
    $2000 5
Happy Endings

Triple Stumper

Scores at the end of the Double Jeopardy! Round:

Elyse Catherine Rose
$13,200 $7,400 $9,400

Final Jeopardy! Round responses

OLYMPICS HISTORY
CatherineWhat is Africa and South America?
$2,600
RoseWhat are Africa and South America?
$3,000
ElyseWhat are S. America + Africa?
$10,000
Africa & South America

Final scores:

Elyse Catherine Rose
$23,200 $10,000 $12,400

Game dynamics:

Coryat scores:

Elyse Catherine Rose
$10,800 $7,400 $8,000
19 R
(including 2 DDs),
6 W
17 R,
4 W
12 R
(including 1 DD),
1 W

Combined Coryat: $26,200

[game clues] [game scores] [suggest correction]

Game tape date: 2012-04-20
The J! Archive is created by fans, for fans. Scraping, republication, monetization, and malicious use prohibited; this site may use cookies and collect identifying information. See terms. The Jeopardy! game show and all elements thereof, including but not limited to copyright and trademark thereto, are the property of Jeopardy Productions, Inc. and are protected under law. This website is not affiliated with, sponsored by, or operated by Jeopardy Productions, Inc. Join the discussion at JBoard.tv.